Telegraphic measurement of the differences of longitude by offices of the U.S. Navy 1878-79 (Record no. 438)

MARC details
000 -LEADER
fixed length control field 00609nam a2200193Ia 4500
003 - CONTROL NUMBER IDENTIFIER
control field IN-BaIIA
005 - DATE AND TIME OF LATEST TRANSACTION
control field 20250704120006.0
008 - FIXED-LENGTH DATA ELEMENTS--GENERAL INFORMATION
fixed length control field 211028s9999 xx 000 0 eng d
040 ## - CATALOGING SOURCE
Transcribing agency IIA Library
080 ## - UNIVERSAL DECIMAL CLASSIFICATION NUMBER
Universal Decimal Classification number 550.38
Item number FLU
100 ## - MAIN ENTRY--PERSONAL NAME
Personal name Norris, J. A.
9 (RLIN) 1015
245 #0 - TITLE STATEMENT
Title Telegraphic measurement of the differences of longitude by offices of the U.S. Navy 1878-79
Statement of responsibility, etc. J. A. Norris, C. H. Davis and F. M. Green
260 ## - PUBLICATION, DISTRIBUTION, ETC.
Place of publication, distribution, etc. Washington
Name of publisher, distributor, etc. Navy Department
Date of publication, distribution, etc. 1880
300 ## - PHYSICAL DESCRIPTION
Extent 87p.
650 ## - SUBJECT ADDED ENTRY--TOPICAL TERM
Topical term or geographic name entry element Longitudes
9 (RLIN) 1016
650 ## - SUBJECT ADDED ENTRY--TOPICAL TERM
Topical term or geographic name entry element Telegraphic determinations
9 (RLIN) 1017
700 ## - ADDED ENTRY--PERSONAL NAME
Personal name Davis, C. H.
9 (RLIN) 1018
942 ## - ADDED ENTRY ELEMENTS (KOHA)
Koha item type Books
Source of classification or shelving scheme Dewey Decimal Classification
Holdings
Withdrawn status Lost status Source of classification or shelving scheme Damaged status Not for loan Home library Current library Shelving location Date acquired Total Checkouts Full call number Barcode Date last seen Price effective from Koha item type Purchase Price
    Dewey Decimal Classification     IIA Library-Bangalore IIA Library-Kodaikanal General Stacks     528.282(73)/ NOR 436 05/11/2021   Books  

Powered by Koha